Střední Amerika /

Další autoři: McCarthy, Carolyn
Jazyk: Čeština
Vydáno: Praha : Svojtka & Co., 2014
Vydání: 1. české vyd.
Edice: Z řady průvodců Lonely Planet
Témata:
Fyzický popis: 766 s. : barev. il., mapy, plány ; 20 cm
Noviny a časopisy
Uloženo v:
LEADER 01831nas a2200457 i 4500
001 nkc20142627645
003 CZ PrNK
005 20160122085526.0
007 ta
008 140825s2014 xr abe e f 001 0 cze d
015 |a cnb002627645 
020 |a 978-80-256-1301-6  |q (brož.) 
035 |a (OCoLC)904578857 
040 |a KLG001  |b cze  |d ABA001 
041 1 |a cze  |h eng 
043 |a nc----- 
072 7 |a 913(7)  |x Geografie Severní Ameriky, reálie, cestování  |2 Konspekt  |9 7 
080 |a 913(72)  |2 MRF 
080 |a (036)913  |2 MRF 
245 0 0 |a Střední Amerika /  |c toto vydání připravili Carolyn McCarthy ... [et al. ; překlad a odborná spolupráce Jan Styblík] 
250 |a 1. české vyd. 
260 |a Praha :  |b Svojtka & Co.,  |c 2014 
300 |a 766 s. :  |b barev. il., mapy, plány ;  |c 20 cm 
490 1 |a Z řady průvodců Lonely Planet 
500 |a Přeloženo z angličtiny 
500 |a Španělsko-český a česko-španělský terminologický slovník 
500 |a Obsahuje rejstřík 
655 7 |a turistické průvodce  |7 fd133738  |2 czenas 
655 9 |a tourist guidebooks  |2 eczenas 
651 7 |a Střední Amerika  |7 ge130987  |2 czenas 
651 9 |a Central America  |2 eczenas 
700 1 |a McCarthy, Carolyn  |q (Carolyn Marie)  |7 hka2013795620  |4 aut 
765 0 |t Central America on a shoestring  |9 Česky 
830 0 |a Z řady průvodců Lonely Planet  |0 s 
910 2 |a BOA001  |b 1-1336.976 
990 |a BK 
995 |a 01 
991 |b 201502  |c NOV  |e n 
996 6 |b 2610619588  |c 1-1336.976  |l MZK  |r Sklad / do 1 hodiny  |n 1  |p p.v.  |w 001482763  |u 000010  |a 1  |e BOA001  |j MZK50  |s P 
996 7 |b 2610624168  |c 1-1336.976  |l Vol.výběr  |r VV 1p  |n 0  |p kup  |h 913(7) PRU AME  |w 001482763  |u 000020  |a 0  |e BOA001  |j MZK50  |s A 
996 7 |b 2610624169  |c 1-1336.976  |l Vol.výběr  |r VV 1p  |n 22  |p kup  |h 913(7) PRU AME  |w 001482763  |u 000030  |a 0  |e BOA001  |j MZK50  |s A